000 00545nam a2200181Ia 4500
005 20250326124025.0
008 250326s9999 xx 000 0 und d
037 _aTextbook
040 _aFMSL
_beng
_cFMSL
041 _aeng
_2eng
084 _aXogB37:7 L3
_qFMSL
100 _aKuska E A
_9736629
245 0 _aMaxima, minima and comparative statics: textbook for economists
_cKuska E A
260 _aLondon
_bLondon, Weidenfeld and Nicolson
_c1973
300 _a262p
942 _cTB
_hXogB37:7 L3
999 _c1271937
_d1271937